000 00359 a2200169 4500
001 183621
020 _a85-16-02586-1
040 _cMagnum
100 _aFurnari, Eva
240 1 0 _aAbaixo das canelas
_lpor
245 1 0 _aAbaixo das canelas
300 _a32
362 0 _a2000
440 1 _aModerna
697 _aLITERATURA INFANTO-JUVENIL
942 _cBK
999 _c183621
_d183621